[Event "Muensterland Verbandsliga 2526"]
[Site "Germany"]
[Date "2025.12.13"]
[Round "4"]
[Board "6"]
[White "Fehlings, Gerd"]
[Black "Liebing, Ingo"]
[Result "1/2-1/2"]
[WhiteElo "1730"]
[BlackElo "1718"]
[WhiteFideId "-1"]
[BlackFideId "-1"]
[PlyCount "116"]
[GameId "2255797310284503"]
[EventDate "2025.??.??"]
[EventType "team-tourn"]
[EventRounds "9"]
[EventCountry "GER"]
[SourceTitle "Verband Muensterland"]
[SourceDate "2025.11.13"]
[SourceVersion "1"]
[SourceVersionDate "2025.11.13"]
[SourceQuality "1"]
[WhiteTeam "Emsdetten Rochade II"]
[BlackTeam "Duelmen"]
[WhiteTeamCountry "GER"]
[BlackTeamCountry "GER"]

1. d4 d6 2. Nf3 Bg4 3. e3 Nd7 4. c4 c6 5. Nc3 Ngf6 6. h3 Bxf3 7. Qxf3 e6 8. Bd3 d5 9. O-O Be7 10. b3 O-O 11. Bb2 Qa5 12. a3 dxc4 13. bxc4 Qh5 14. Qd1 Qxd1 15. Rfxd1 Rfd8 16. Rab1 e5 17. Bc1 Rab8 18. g3 Bd6 19. Kg2 Bc7 20. f4 exd4 21. exd4 Nf8 22. Be3 b6 23. a4 Kh8 24. Ne4 Ne8 25. Ng5 Rd7 26. Bf2 h6 27. Nf3 Nf6 28. Bf5 Rdd8 29. Ne5 Bxe5 30. fxe5 Ng8 31. Bg4 Ne7 32. d5 c5 33. d6 Neg6 34. Rd5 Rd7 35. a5 Re8 36. Bf5 Rdd8 37. axb6 axb6 38. Rxb6 Nxe5 39. Bxc5 Nxc4 40. Rc6 Ne3+ 41. Bxe3 Rxe3 42. Rc8 Ree8 43. Rdc5 g6 44. Rxd8 Rxd8 45. Rc8 Rxc8 46. Bxc8 Kg7 47. Kf3 f5 48. g4 fxg4+ 49. Bxg4 Kf7 50. Ke4 Ne6 51. Kd5 Nd8 52. Kc5 Nb7+ 53. Kc6 Nxd6 54. Kxd6 Kf6 55. Bd7 Kg5 56. Ke6 Kh4 57. Kf6 g5 58. Kg6 h5 1/2-1/2

[Event "Muensterland Verbandsliga 2526"]
[Site "Germany"]
[Date "2025.12.13"]
[Round "4"]
[Board "7"]
[White "Wilms, Gerwin"]
[Black "Colmer, Willi"]
[Result "1/2-1/2"]
[WhiteElo "1552"]
[BlackElo "1749"]
[WhiteFideId "-1"]
[BlackFideId "-1"]
[PlyCount "49"]
[GameId "2255797310284505"]
[EventDate "2025.??.??"]
[EventType "team-tourn"]
[EventRounds "9"]
[EventCountry "GER"]
[SourceTitle "Verband Muensterland"]
[SourceDate "2025.11.13"]
[SourceVersion "1"]
[SourceVersionDate "2025.11.13"]
[SourceQuality "1"]
[WhiteTeam "Duelmen"]
[BlackTeam "Emsdetten Rochade II"]
[WhiteTeamCountry "GER"]
[BlackTeamCountry "GER"]

1. e4 c5 2. Nf3 g6 3. Bc4 e6 4. d3 d5 5. exd5 exd5 6. Bb5+ Bd7 7. Bxd7+ Qxd7 8. Qe2+ Qe7 9. Qxe7+ Nxe7 10. O-O Bg7 11. Re1 Nbc6 12. c3 O-O 13. Bf4 Rfe8 14. Na3 a6 15. Re2 Nf5 16. Rae1 Rxe2 17. Rxe2 b5 18. h3 b4 19. Nb1 Bh6 20. Bxh6 Nxh6 21. g4 Kf8 22. Ne5 Nxe5 23. Rxe5 Re8 24. Rxe8+ Kxe8 25. f4 1/2-1/2

[Event "Muensterland Verbandsliga 2526"]
[Site "Germany"]
[Date "2025.12.13"]
[Round "4"]
[Board "8"]
[White "Schulte, Ralf"]
[Black "Krimphove, Martin"]
[Result "0-1"]
[WhiteElo "1745"]
[BlackElo "1642"]
[WhiteFideId "-1"]
[BlackFideId "-1"]
[PlyCount "103"]
[GameId "2255797310284507"]
[EventDate "2025.??.??"]
[EventType "team-tourn"]
[EventRounds "9"]
[EventCountry "GER"]
[SourceTitle "Verband Muensterland"]
[SourceDate "2025.11.13"]
[SourceVersion "1"]
[SourceVersionDate "2025.11.13"]
[SourceQuality "1"]
[WhiteTeam "Emsdetten Rochade II"]
[BlackTeam "Duelmen"]
[WhiteTeamCountry "GER"]
[BlackTeamCountry "GER"]

1. d4 Nf6 2. Nf3 c5 3. c3 e6 4. Bg5 cxd4 5. Nxd4 d5 6. e3 Be7 7. Be2 O-O 8. O-O Nc6 9. Nd2 e5 10. Nxc6 bxc6 11. Nf3 Ne4 12. Bxe7 Qxe7 13. Nd2 f5 14. c4 Be6 15. Rc1 Qg5 16. Nf3 Qf6 17. Qa4 Rac8 18. a3 Rf7 19. Rfd1 f4 20. cxd5 Bf5 21. Rxc6 Rxc6 22. Qxc6 fxe3 23. fxe3 Nd6 24. Rf1 Qh6 25. Qc3 Ne4 26. Qc1 Qb6 27. Nxe5 Rc7 28. Nc6 Bg6 29. Bg4 Bf7 30. Be6 Bxe6 31. Ne7+ Rxe7 32. dxe6 Qxe6 33. Rf3 Nf6 34. Qc5 h6 35. h3 Qe5 36. Qc8+ Kh7 37. Qc2+ Kg8 38. Qb3+ Qe6 39. Qb8+ Kh7 40. Qb5 Rd7 41. Qa4 Qd5 42. Qf4 Qe4 43. Rf2 Re7 44. Rf3 Nd5 45. Qxe4+ Rxe4 46. Rf7 Rxe3 47. Rxa7 Rb3 48. Rd7 Ne3 49. a4 Rxb2 50. a5 Rxg2+ 51. Kh1 Ra2 52. Re7 0-1

[Event "Muensterland Verbandsliga 2526"]
[Site "Germany"]
[Date "2025.12.13"]
[Round "4"]
[Board "1"]
[White "Brands, Julian"]
[Black "Hofene, Dieter"]
[Result "0-1"]
[WhiteElo "1832"]
[BlackElo "1951"]
[WhiteFideId "-1"]
[BlackFideId "-1"]
[PlyCount "56"]
[GameId "2254915311833693"]
[EventDate "2025.??.??"]
[EventType "team-tourn"]
[EventRounds "9"]
[EventCountry "GER"]
[SourceTitle "Verband Muensterland"]
[SourceDate "2025.11.13"]
[SourceVersion "1"]
[SourceVersionDate "2025.11.13"]
[SourceQuality "1"]
[WhiteTeam "Gescher"]
[BlackTeam "Beelen"]
[WhiteTeamCountry "GER"]
[BlackTeamCountry "GER"]

1. Nf3 d5 2. e3 Nf6 3. c4 c6 4. Nc3 e6 5. b3 Bd6 6. Bb2 O-O 7. d4 Nbd7 8. cxd5 exd5 9. Bd3 Qe7 10. O-O Re8 11. Rc1 Nf8 12. Re1 Ne4 13. Bxe4 dxe4 14. Nd2 Bf5 15. Nf1 Rad8 16. Qc2 Bg6 17. Red1 Nd7 18. Ne2 Qg5 19. Qd2 h5 20. a3 h4 21. b4 Bf5 22. Kh1 Nf6 23. Nc3 Bg4 24. Re1 Nd5 25. Nxd5 cxd5 26. h3 Bf3 27. gxf3 exf3 28. e4 Qg2# 0-1

[Event "Muensterland Verbandsliga 2526"]
[Site "Germany"]
[Date "2025.12.13"]
[Round "4"]
[Board "2"]
[White "Hanewinkel, Martin"]
[Black "Iking, Bernhard"]
[Result "1/2-1/2"]
[WhiteElo "1865"]
[BlackElo "1828"]
[WhiteFideId "-1"]
[BlackFideId "-1"]
[PlyCount "66"]
[GameId "2254912614486611"]
[EventDate "2025.??.??"]
[EventType "team-tourn"]
[EventRounds "9"]
[EventCountry "GER"]
[SourceTitle "Verband Muensterland"]
[SourceDate "2025.11.13"]
[SourceVersion "1"]
[SourceVersionDate "2025.11.13"]
[SourceQuality "1"]
[WhiteTeam "Beelen"]
[BlackTeam "Gescher"]
[WhiteTeamCountry "GER"]
[BlackTeamCountry "GER"]

1. d4 d5 2. Nf3 Nf6 3. Bf4 c5 4. c3 Nc6 5. e3 Qb6 6. Qc1 cxd4 7. exd4 Bf5 8. Be2 Rc8 9. O-O e6 10. Nbd2 h6 11. Rd1 Be7 12. Nf1 O-O 13. Ne3 Be4 14. Ne1 Rfe8 15. Qd2 a6 16. f3 Bh7 17. g4 g5 18. Bg3 Qd8 19. Bd3 Bd6 20. Bxh7+ Kxh7 21. Nd3 Bxg3 22. hxg3 Qd6 23. Qh2 Kg7 24. Re1 Rh8 25. Qf2 h5 26. Kg2 hxg4 27. Nxg4 Nxg4 28. fxg4 Rh6 29. Rh1 Rch8 30. Rxh6 Rxh6 31. Rf1 Qe7 32. Qe3 f6 33. Re1 Kf7 1/2-1/2

[Event "Muensterland Verbandsliga 2526"]
[Site "Germany"]
[Date "2025.12.13"]
[Round "4"]
[Board "3"]
[White "Lanfer, Stefanie"]
[Black "Hofene, Josef"]
[Result "0-1"]
[WhiteElo "1806"]
[BlackElo "1798"]
[WhiteFideId "-1"]
[BlackFideId "-1"]
[PlyCount "66"]
[GameId "2254917041607269"]
[EventDate "2025.??.??"]
[EventType "team-tourn"]
[EventRounds "9"]
[EventCountry "GER"]
[SourceTitle "Verband Muensterland"]
[SourceDate "2025.11.13"]
[SourceVersion "1"]
[SourceVersionDate "2025.11.13"]
[SourceQuality "1"]
[WhiteTeam "Gescher"]
[BlackTeam "Beelen"]
[WhiteTeamCountry "GER"]
[BlackTeamCountry "GER"]

1. e4 c5 2. Nf3 Nc6 3. Bb5 Nd4 4. Nxd4 cxd4 5. c3 a6 6. Ba4 b5 7. Bb3 Qb6 8. O-O Bb7 9. Re1 e6 10. cxd4 Qxd4 11. d3 Bb4 12. Nc3 Ne7 13. Be3 Qf6 14. Rc1 O-O 15. a3 Ba5 16. Qd2 h6 17. e5 Qg6 18. f4 Nf5 19. Qf2 Nxe3 20. Rxe3 Bb6 21. Rce1 Rac8 22. Bc2 Bd4 23. Ne4 Bxe4 24. dxe4 f6 25. f5 Qf7 26. exf6 Qxf6 27. e5 Qg5 28. h4 Qh5 29. f6 Rc5 30. Qg3 g5 31. hxg5 Qxg5 32. Kf1 Bxe3 33. Rxe3 Rxc2 0-1

[Event "Muensterland Verbandsliga 2526"]
[Site "Germany"]
[Date "2025.12.13"]
[Round "4"]
[Board "4"]
[White "Beckmann, Frank"]
[Black "Robers, Frank"]
[Result "0-1"]
[WhiteElo "1745"]
[BlackElo "1679"]
[WhiteFideId "-1"]
[BlackFideId "-1"]
[PlyCount "124"]
[GameId "2254918155346549"]
[EventDate "2025.??.??"]
[EventType "team-tourn"]
[EventRounds "9"]
[EventCountry "GER"]
[SourceTitle "Verband Muensterland"]
[SourceDate "2025.11.13"]
[SourceVersion "1"]
[SourceVersionDate "2025.11.13"]
[SourceQuality "1"]
[WhiteTeam "Beelen"]
[BlackTeam "Gescher"]
[WhiteTeamCountry "GER"]
[BlackTeamCountry "GER"]

1. d4 Nf6 2. Bf4 g6 3. Nf3 Bg7 4. e3 d6 5. c4 O-O 6. Nc3 Nbd7 7. Rc1 Re8 8. Be2 c5 9. d5 Qa5 10. Qa4 Qxa4 11. Nxa4 Nh5 12. Bg3 Nxg3 13. hxg3 Nf6 14. Nc3 e6 15. Nb5 Rd8 16. Rc2 exd5 17. Nc7 Rb8 18. Nxd5 Nxd5 19. cxd5 Bf5 20. Rd2 b5 21. Nh4 Bd7 22. O-O Re8 23. Bd3 f5 24. b3 a6 25. Rfd1 Rbc8 26. Rc2 Re7 27. Nf3 Ra8 28. Be2 Bf6 29. Nd2 Kg7 30. Nb1 Rae8 31. Kf1 Ra8 32. Nc3 Be8 33. g4 Bd7 34. gxf5 Bxf5 35. Bd3 Bxd3+ 36. Rxd3 Bxc3 37. Rcxc3 Kf6 38. f3 Ke5 39. e4 Rf8 40. Ke2 Kf4 41. Kf2 g5 42. g3+ Ke5 43. Rc1 Ref7 44. g4 Rf4 45. Kg3 R8f6 46. Rc2 Rh6 47. Rh2 Rxh2 48. Kxh2 c4 49. bxc4 bxc4 50. Ra3 Kd4 51. Rxa6 Rxf3 52. Rxd6 Kxe4 53. a4 Ra3 54. Ra6 Kxd5 55. Ra5+ Kd4 56. Rxg5 c3 57. Rf5 Ke3 58. Kg2 Rxa4 59. Rf3+ Kd2 60. Rf2+ Kd3 61. Rf3+ Kc2 62. g5 Kb2 0-1

[Event "Muensterland Verbandsliga 2526"]
[Site "Germany"]
[Date "2025.12.13"]
[Round "4"]
[Board "5"]
[White "Priebs, Ludger"]
[Black "Gaebler, Marcel"]
[Result "1/2-1/2"]
[WhiteElo "1749"]
[BlackElo "1726"]
[WhiteFideId "-1"]
[BlackFideId "-1"]
[PlyCount "78"]
[GameId "2255203607404641"]
[EventDate "2025.??.??"]
[EventType "team-tourn"]
[EventRounds "9"]
[EventCountry "GER"]
[SourceTitle "Verband Muensterland"]
[SourceDate "2025.11.13"]
[SourceVersion "1"]
[SourceVersionDate "2025.11.13"]
[SourceQuality "1"]
[WhiteTeam "Gescher"]
[BlackTeam "Beelen"]
[WhiteTeamCountry "GER"]
[BlackTeamCountry "GER"]

1. d4 Nf6 2. c4 e6 3. Nc3 Bb4 4. a3 Bxc3+ 5. bxc3 O-O 6. Nf3 h6 7. g3 c5 8. Bg2 d5 9. cxd5 exd5 10. O-O c4 11. Qc2 Bg4 12. Ne5 Be6 13. Rb1 Qc8 14. f4 Bf5 15. Qb2 Bxb1 16. Qxb1 Nc6 17. h3 Ne7 18. g4 Nd7 19. g5 hxg5 20. fxg5 Nxe5 21. dxe5 Ng6 22. Kh1 Nxe5 23. Rf4 Qe6 24. Qxb7 Nc6 25. Qb5 Rfd8 26. e4 Rab8 27. Qa4 Rb1 28. Qc2 Rb5 29. exd5 Qe1+ 30. Rf1 Qe5 31. dxc6 Rc8 32. Bf4 Qc5 33. c7 Qxa3 34. Rd1 Qe7 35. Qa4 Rb2 36. Qd7 Rxc7 37. Qxe7 Rxe7 38. g6 fxg6 39. Bd5+ Kh7 1/2-1/2

[Event "Muensterland Verbandsliga 2526"]
[Site "Germany"]
[Date "2025.12.13"]
[Round "4"]
[Board "6"]
[White "Austermann, Reinhold"]
[Black "Reichardt, Markus"]
[Result "1/2-1/2"]
[WhiteElo "1786"]
[BlackElo "1688"]
[WhiteFideId "-1"]
[BlackFideId "-1"]
[PlyCount "58"]
[GameId "2254727654916124"]
[EventDate "2025.??.??"]
[EventType "team-tourn"]
[EventRounds "9"]
[EventCountry "GER"]
[SourceTitle "Verband Muensterland"]
[SourceDate "2025.11.13"]
[SourceVersion "1"]
[SourceVersionDate "2025.11.13"]
[SourceQuality "1"]
[WhiteTeam "Beelen"]
[BlackTeam "Gescher"]
[WhiteTeamCountry "GER"]
[BlackTeamCountry "GER"]

1. d4 Nf6 2. e3 g6 3. Bd3 Bg7 4. Nd2 d5 5. f4 c5 6. c3 cxd4 7. exd4 Nc6 8. Ngf3 Bg4 9. O-O Qc7 10. g3 O-O 11. Qe1 Bh3 12. Rf2 Ng4 13. Re2 h6 14. Kh1 Nf6 15. Ng1 Bf5 16. Re3 Bxd3 17. Rxd3 Nd7 18. Ngf3 Kh7 19. Ne5 Rae8 20. Nxd7 Qxd7 21. Nf3 e6 22. Bd2 Ne7 23. Re3 Nf5 24. Re2 Nd6 25. b3 Rc8 26. Ne5 Bxe5 27. fxe5 Ne4 28. Rc1 f5 29. Qf1 g5 1/2-1/2

[Event "Muensterland Verbandsliga 2526"]
[Site "Germany"]
[Date "2025.12.13"]
[Round "4"]
[Board "7"]
[White "Schweigert, Carsten"]
[Black "Hofene, Markus"]
[Result "0-1"]
[WhiteElo "1397"]
[BlackElo "1659"]
[WhiteFideId "-1"]
[BlackFideId "-1"]
[PlyCount "54"]
[GameId "2254914329621079"]
[EventDate "2025.??.??"]
[EventType "team-tourn"]
[EventRounds "9"]
[EventCountry "GER"]
[SourceTitle "Verband Muensterland"]
[SourceDate "2025.11.13"]
[SourceVersion "1"]
[SourceVersionDate "2025.11.13"]
[SourceQuality "1"]
[WhiteTeam "Gescher"]
[BlackTeam "Beelen"]
[WhiteTeamCountry "GER"]
[BlackTeamCountry "GER"]

1. e4 c6 2. d4 d5 3. e5 Bf5 4. Bd3 Bxd3 5. Qxd3 e6 6. Nf3 c5 7. c3 Nc6 8. O-O cxd4 9. cxd4 Nge7 10. Bg5 Qb6 11. Nc3 Nf5 12. Ne2 h6 13. Bd2 Bb4 14. a3 Bxd2 15. Qxd2 O-O 16. b4 a5 17. g4 Nfe7 18. g5 hxg5 19. Nxg5 Nf5 20. Nf3 axb4 21. Rab1 Rxa3 22. Kg2 Rfa8 23. Qf4 Qd8 24. Kh1 Rd3 25. Rg1 Raa3 26. Ng5 Qe7 27. Ng3 Rxd4 0-1

[Event "Muensterland Verbandsliga 2526"]
[Site "Germany"]
[Date "2025.12.13"]
[Round "4"]
[Board "8"]
[White "Ruhe, Johannes"]
[Black "Kamp, Silvia"]
[Result "1-0"]
[WhiteElo "1810"]
[BlackElo "1582"]
[WhiteFideId "-1"]
[BlackFideId "-1"]
[PlyCount "31"]
[GameId "2254908672540786"]
[EventDate "2025.??.??"]
[EventType "team-tourn"]
[EventRounds "9"]
[EventCountry "GER"]
[SourceTitle "Verband Muensterland"]
[SourceDate "2025.11.13"]
[SourceVersion "1"]
[SourceVersionDate "2025.11.13"]
[SourceQuality "1"]
[WhiteTeam "Beelen"]
[BlackTeam "Gescher"]
[WhiteTeamCountry "GER"]
[BlackTeamCountry "GER"]

1. e4 c5 2. Nf3 d6 3. d4 cxd4 4. Nxd4 a6 5. Be3 Nf6 6. Nc3 Nc6 7. Be2 g6 8. f3 Bg7 9. Qd2 O-O 10. g4 Nxd4 11. Bxd4 b5 12. g5 Ne8 13. Bxg7 Nxg7 14. h4 Nh5 15. O-O f5 16. Qd5+ 1-0

[Event "Muensterland Verbandsliga 2526"]
[Site "Germany"]
[Date "2025.12.13"]
[Round "4"]
[Board "1"]
[White "Wittek, Felix"]
[Black "Vocke, Stefan"]
[Result "1-0"]
[WhiteElo "1834"]
[BlackElo "1916"]
[WhiteFideId "-1"]
[BlackFideId "-1"]
[PlyCount "117"]
[GameId "2257464308498712"]
[EventDate "2025.??.??"]
[EventType "team-tourn"]
[EventRounds "9"]
[EventCountry "GER"]
[SourceTitle "Verband Muensterland"]
[SourceDate "2025.11.13"]
[SourceVersion "1"]
[SourceVersionDate "2025.11.13"]
[SourceQuality "1"]
[WhiteTeam "Suedlohn II"]
[BlackTeam "Ochtrup"]
[WhiteTeamCountry "GER"]
[BlackTeamCountry "GER"]

1. e4 c5 2. Nf3 Nc6 3. d4 cxd4 4. Nxd4 e5 5. Nb5 d6 6. N1c3 a6 7. Na3 Be7 8. Be3 Nf6 9. Nc4 b5 10. Nb6 Rb8 11. Nbd5 Be6 12. Nxf6+ Bxf6 13. Nd5 Bxd5 14. Qxd5 Ne7 15. Qb3 d5 16. exd5 Qxd5 17. a4 Qxb3 18. cxb3 e4 19. axb5 Bxb2 20. Rxa6 Bc3+ 21. Bd2 Bxd2+ 22. Kxd2 O-O 23. Bc4 Rfd8+ 24. Ke2 Nd5 25. Rc1 Rd7 26. Rc6 Kf8 27. g3 f5 28. Rc5 Rbd8 29. b6 Nxb6 30. Rxf5+ Ke7 31. Re5+ Kf8 32. Rxe4 Rd2+ 33. Kf1 Nxc4 34. Rexc4 Rb2 35. Rc8 Rxc8 36. Rxc8+ Kf7 37. Rb8 g5 38. Rb6 g4 39. Rb4 h5 40. Rb6 Kg7 41. b4 Kh7 42. Kg2 Kg7 43. Rb8 Kh7 44. b5 Rb1 45. b6 Kg7 46. b7 Kh7 47. f4 gxf3+ 48. Kxf3 Rb4 49. Ke3 Kg7 50. Kd3 Kh7 51. Kc3 Rb1 52. Kc4 Kg7 53. Kd5 Kh7 54. Ke5 Rb5+ 55. Kf6 Rb6+ 56. Kg5 Rb5+ 57. Kh4 Kg7 58. h3 Kh7 59. Rf8 1-0

[Event "Muensterland Verbandsliga 2526"]
[Site "Germany"]
[Date "2025.12.13"]
[Round "4"]
[Board "2"]
[White "Boehlich, Daniel"]
[Black "Sparwel, Oliver"]
[Result "0-1"]
[WhiteElo "2031"]
[BlackElo "1901"]
[WhiteFideId "-1"]
[BlackFideId "-1"]
[PlyCount "70"]
[GameId "2257464308498714"]
[EventDate "2025.??.??"]
[EventType "team-tourn"]
[EventRounds "9"]
[EventCountry "GER"]
[SourceTitle "Verband Muensterland"]
[SourceDate "2025.11.13"]
[SourceVersion "1"]
[SourceVersionDate "2025.11.13"]
[SourceQuality "1"]
[WhiteTeam "Ochtrup"]
[BlackTeam "Suedlohn II"]
[WhiteTeamCountry "GER"]
[BlackTeamCountry "GER"]

1. d4 Nf6 2. c4 e6 3. Nf3 d5 4. Nc3 c6 5. Bg5 Nbd7 6. e3 Qa5 7. Nd2 Bb4 8. Qc2 Ne4 9. Ndxe4 dxe4 10. Bf4 O-O 11. Be2 e5 12. Bg3 f5 13. dxe5 Nxe5 14. O-O Bxc3 15. Qxc3 Qxc3 16. bxc3 Nd3 17. Rab1 b6 18. Bxd3 exd3 19. Bd6 Rd8 20. c5 Ba6 21. Rb2 bxc5 22. Bxc5 Rd5 23. Bb4 Bc4 24. Rd2 Re8 25. Re1 Re6 26. f4 c5 27. Ba3 Ra6 28. Bb2 Rxa2 29. e4 fxe4 30. Rxe4 Bb3 31. Bc1 Ra1 32. Re1 Kf7 33. Kf2 Bc2 34. g3 c4 35. Kf3 Rb5 0-1

[Event "Muensterland Verbandsliga 2526"]
[Site "Germany"]
[Date "2025.12.13"]
[Round "4"]
[Board "3"]
[White "Albersmann, Rene"]
[Black "Moor, Daniel"]
[Result "1-0"]
[WhiteElo "1844"]
[BlackElo "1862"]
[WhiteFideId "-1"]
[BlackFideId "-1"]
[PlyCount "89"]
[GameId "2257464308498716"]
[EventDate "2025.??.??"]
[EventType "team-tourn"]
[EventRounds "9"]
[EventCountry "GER"]
[SourceTitle "Verband Muensterland"]
[SourceDate "2025.11.13"]
[SourceVersion "1"]
[SourceVersionDate "2025.11.13"]
[SourceQuality "1"]
[WhiteTeam "Suedlohn II"]
[BlackTeam "Ochtrup"]
[WhiteTeamCountry "GER"]
[BlackTeamCountry "GER"]

1. d4 Nf6 2. e3 e6 3. Bd3 c5 4. c3 d5 5. f4 Be7 6. Nf3 O-O 7. Nbd2 Nbd7 8. O-O b6 9. Ne5 Bb7 10. Qf3 Re8 11. g4 Nf8 12. g5 N6d7 13. Ng4 f5 14. gxf6 Nxf6 15. Rf2 Nxg4 16. Qxg4 Bc8 17. Rg2 Bf6 18. Qg3 Rb8 19. Nf3 Rb7 20. e4 dxe4 21. Bxe4 Rf7 22. Be3 c4 23. Rd1 Bb7 24. Bxb7 Rxb7 25. Ne5 Qd5 26. Qf3 Nd7 27. Kf2 b5 28. Rdg1 Nb6 29. Qh5 Rf8 30. Qf3 Bxe5 31. dxe5 Rbf7 32. Bxb6 axb6 33. Qxd5 Rxf4+ 34. Ke3 exd5 35. Rxg7+ Kh8 36. Rg8+ Rxg8 37. Rxg8+ Kxg8 38. Kxf4 Kf7 39. Kf5 d4 40. cxd4 b4 41. Ke4 b5 42. d5 c3 43. bxc3 bxc3 44. Kd3 b4 45. a3 1-0

[Event "Muensterland Verbandsliga 2526"]
[Site "Germany"]
[Date "2025.12.13"]
[Round "4"]
[Board "4"]
[White "Jacob, Helmut"]
[Black "Emming, Benedikt"]
[Result "0-1"]
[WhiteElo "1920"]
[BlackElo "1815"]
[WhiteFideId "-1"]
[BlackFideId "-1"]
[PlyCount "99"]
[GameId "2257464308498718"]
[EventDate "2025.??.??"]
[EventType "team-tourn"]
[EventRounds "9"]
[EventCountry "GER"]
[SourceTitle "Verband Muensterland"]
[SourceDate "2025.11.13"]
[SourceVersion "1"]
[SourceVersionDate "2025.11.13"]
[SourceQuality "1"]
[WhiteTeam "Ochtrup"]
[BlackTeam "Suedlohn II"]
[WhiteTeamCountry "GER"]
[BlackTeamCountry "GER"]

1. e4 c5 2. d4 cxd4 3. c3 Nf6 4. e5 Nd5 5. Nf3 e6 6. Nxd4 d6 7. exd6 Bxd6 8. Bd3 O-O 9. Qh5 f5 10. Bc4 Nc6 11. Nxc6 bxc6 12. O-O Qc7 13. Rd1 Bd7 14. Bb3 Be8 15. Qh3 Bf7 16. c4 Nf6 17. Nd2 Bc5 18. Nf1 Ng4 19. Be3 Nxe3 20. Nxe3 Rfd8 21. Bc2 g6 22. b3 e5 23. Qh6 e4 24. Qg5 Be7 25. Qh6 Bc5 26. g3 Qe5 27. Qg5 Be7 28. Qf4 Qxf4 29. gxf4 Rxd1+ 30. Rxd1 Rd8 31. Rxd8+ Bxd8 32. Ng2 Kf8 33. Kf1 Ke7 34. Ke2 Kd6 35. Kd2 Ba5+ 36. Ke2 Kc5 37. f3 Kd4 38. fxe4 fxe4 39. Ne3 Bc7 40. Ng2 Be6 41. Kf2 Bf5 42. Bd1 Kd3 43. Be2+ Kd2 44. b4 Bd8 45. Bf1 Bf6 46. a4 h5 47. b5 cxb5 48. cxb5 h4 49. Bc4 Bd4+ 50. Kf1 0-1

[Event "Muensterland Verbandsliga 2526"]
[Site "Germany"]
[Date "2025.12.13"]
[Round "4"]
[Board "5"]
[White "Richters, Alfred"]
[Black "Schmerling, Janek"]
[Result "1-0"]
[WhiteElo "1827"]
[BlackElo "1732"]
[WhiteFideId "-1"]
[BlackFideId "-1"]
[PlyCount "57"]
[GameId "2257464308498720"]
[EventDate "2025.??.??"]
[EventType "team-tourn"]
[EventRounds "9"]
[EventCountry "GER"]
[SourceTitle "Verband Muensterland"]
[SourceDate "2025.11.13"]
[SourceVersion "1"]
[SourceVersionDate "2025.11.13"]
[SourceQuality "1"]
[WhiteTeam "Suedlohn II"]
[BlackTeam "Ochtrup"]
[WhiteTeamCountry "GER"]
[BlackTeamCountry "GER"]

1. d4 d5 2. Nf3 Nf6 3. Bf4 Bf5 4. c4 e6 5. Qb3 b6 6. e3 Bd6 7. Ne5 O-O 8. Nc3 Nbd7 9. Nc6 Qe8 10. Bxd6 cxd6 11. cxd5 exd5 12. Nxd5 Qe4 13. Nce7+ Kh8 14. Nxf5 Qxf5 15. Nxf6 gxf6 16. Bd3 Qa5+ 17. Ke2 Qh5+ 18. f3 Rg8 19. Rag1 Nf8 20. Qb5 Rg5 21. Qc6 Rd8 22. g4 Qh6 23. h4 Ra5 24. a4 Ne6 25. b4 Rd5 26. Qxd5 Re8 27. Kf2 Nc7 28. g5 fxg5 29. Qxg5 1-0

[Event "Muensterland Verbandsliga 2526"]
[Site "Germany"]
[Date "2025.12.13"]
[Round "4"]
[Board "6"]
[White "Kaiser, Guenter1"]
[Black "Schmeing, Manfred"]
[Result "1-0"]
[WhiteElo "1584"]
[BlackElo "1686"]
[WhiteFideId "-1"]
[BlackFideId "-1"]
[PlyCount "37"]
[GameId "2257464308498722"]
[EventDate "2025.??.??"]
[EventType "team-tourn"]
[EventRounds "9"]
[EventCountry "GER"]
[SourceTitle "Verband Muensterland"]
[SourceDate "2025.11.13"]
[SourceVersion "1"]
[SourceVersionDate "2025.11.13"]
[SourceQuality "1"]
[WhiteTeam "Ochtrup"]
[BlackTeam "Suedlohn II"]
[WhiteTeamCountry "GER"]
[BlackTeamCountry "GER"]

1. e4 g6 2. d4 Bg7 3. Nc3 c6 4. Nf3 d5 5. exd5 cxd5 6. Bb5+ Nc6 7. Ne5 Bxe5 8. dxe5 d4 9. Bxc6+ bxc6 10. Ne2 Qa5+ 11. Qd2 Qxe5 12. Qxd4 Qxd4 13. Nxd4 Bb7 14. O-O Rc8 15. Be3 Nf6 16. Nb3 Ra8 17. Nc5 Bc8 18. Rfe1 e6 19. Bd4 1-0

[Event "Muensterland Verbandsliga 2526"]
[Site "Germany"]
[Date "2025.12.13"]
[Round "4"]
[Board "7"]
[White "Musholt, Joachim"]
[Black "Kastner, Lennart"]
[Result "1-0"]
[WhiteElo "1678"]
[BlackElo "1388"]
[WhiteFideId "-1"]
[BlackFideId "-1"]
[PlyCount "59"]
[GameId "2257464308498724"]
[EventDate "2025.??.??"]
[EventType "team-tourn"]
[EventRounds "9"]
[EventCountry "GER"]
[SourceTitle "Verband Muensterland"]
[SourceDate "2025.11.13"]
[SourceVersion "1"]
[SourceVersionDate "2025.11.13"]
[SourceQuality "1"]
[WhiteTeam "Suedlohn II"]
[BlackTeam "Ochtrup"]
[WhiteTeamCountry "GER"]
[BlackTeamCountry "GER"]

1. e4 c6 2. d4 d5 3. Nc3 dxe4 4. Nxe4 Bf5 5. Ng3 Bg6 6. Nf3 Nd7 7. h4 h6 8. h5 Bh7 9. Bd3 Bxd3 10. Qxd3 e6 11. Bf4 Ngf6 12. O-O-O Qa5 13. Kb1 Be7 14. c4 O-O 15. Ne4 Nxe4 16. Qxe4 Nf6 17. Qc2 Rac8 18. g4 Nh7 19. Bd2 Qd8 20. Rhe1 Ng5 21. Ne5 Bd6 22. f4 Bxe5 23. fxg5 Bxd4 24. gxh6 Qb6 25. hxg7 Bxg7 26. h6 Bd4 27. g5 Kh8 28. Bf4 e5 29. Rxd4 exd4 30. Be5+ 1-0